| 000 | 01320nam a2200193 a 4500 | ||
|---|---|---|---|
| 008 | 161215e2010 ag ||||| |||| 00| j spa d | ||
| 020 | _a9789875035324 | ||
| 092 |
_c808.5 _l10 _sCAR |
||
| 100 | 1 |
_aCarver, Raymond _93087 |
|
| 245 |
_aCatedral y otros cuentos / _cRaymond Carver |
||
| 250 |
_a1a ed. _bTraducción Jesús Zulaika |
||
| 260 |
_aBuenos Aires: _bEditorial Anagrama ; Página 12; _c2010. |
||
| 300 | _a160 p. | ||
| 500 | _aCarver, R. (2010). Catedral y otros cuentos. (1a ed.). Buenos Aires : Editorial Anagrama ; Página 12. | ||
| 505 | _aMinimalismo, realismo sucio, genialidad, cuentos retocados magistralmente por un editor, ícono de la chatura americana, el otro Anton Chejov del siglo XX. Estas son algunas de las etiquetas que apuntan a dar cuenta del encanto, del éxito y sobre todo del estilo de Raymond Carver. Lo cierto es que sus obras constituyen una lectura imprescindible para quier quiera gozar y comprender los caminos de la literatura contemporánea. Esta selección, que incluye cuentos de dos de sus libros mas celebrados, ¿Quieres hacer el favor de callarte, por favor? y Catedral, presenta la voz inconfundible, y tantas veces torpemente imitadas, de una escritor fascinante. | ||
| 590 | _aProyecto 4to libro. Donación Lillo Gisela | ||
| 655 |
_aCuentos _92945 |
||
| 942 |
_2ddc _cLIT |
||
| 999 |
_c2275 _d2275 |
||